00349nam a22001097a 4500020001800000082001800018100002000036245008400056260005200140300001100192650003600203 a9780691138275 a347.7314bBAU aBaum, Lawrence  aJudges and their Audience:ba perspective no judicial behavior /cLawrence Baum aPrinceton :bPrinceton University Press,c2006. a231 p. aLaw, Judges and their Audience